MARC

LEADER 00000nam0a2200000 4500
001 352050
005 20231102010448.0
035 |a (RuTPU)RU\TPU\retro\8221 
090 |a 352050 
100 |a 20191114d1925 k y0rusy50 ca 
101 0 |a rus 
102 |a RU 
105 |a y z 000zy 
200 1 |a Некоторые вопросы физики твердого тела  |e [оттиск статьи]  |f В. Д. Кузнецов 
210 |a Томск  |d 1925 
215 |a 6 с. 
225 1 |a Известия Томского Технологического Института  |v Т. 46 
320 |a Библиогр. в примеч. 
606 1 |a Физика твердого тела  |2 stltpush  |3 (RuTPU)RU\TPU\subj\63727  |9 80702 
610 1 |a коллекция ТПУ 
610 1 |a труды учёных ТПУ 
610 1 |a оттиски 
610 1 |a теория 
610 1 |a внутреннее трение 
610 1 |a кристаллы 
610 1 |a металлы 
610 1 |a прочность 
610 1 |a поверхностная энергия 
610 1 |a релаксация 
610 1 |a магнитное поле 
675 |a 539.2  |v 4 
700 1 |a Кузнецов  |b В. Д.  |c русский физик  |c профессор, академик АН СССР  |c преподавал в ТТИ и на Сибирских высших женских курсах  |c с 1917 преподавал в ТГУ, директор СФТИ (1929-1933, 1937-1960)  |f 1887-1963  |g Владимир Дмитриевич  |2 stltpush  |3 (RuTPU)RU\TPU\pers\18076 
801 1 |a RU  |b 63413507  |c 20191114 
942 |c BK